Guess the player - stats edition (2024/25) - Statistics

General Stats
  • This quiz has been taken 8 times
  • The average score is 9 of 20
Answer Stats
League Games Goals Assists Player % Correct
Saudi Pro League 30 25 3 Cristiano Ronaldo
83%
LaLiga 30 11 10 Vinicius Jr.
83%
Premier League 31 22 3 Erling Haaland
67%
LaLiga 35 9 15 Lamine Yamal
67%
Süper Lig 30 26 5 Victor Osimhen
67%
Liga Portugal 33 39 8 Viktor Gyökeres
67%
Premier League 37 15 9 Cole Palmer
50%
Saudi Pro League 29 21 9 Karim Benzema
50%
Ligue 1 34 21 6 Mason Greenwood
50%
Bundesliga 30 21 4 Serhou Guirassy
50%
Bundesliga 31 10 13 Florian Wirtz
33%
Eredivisie 34 16 14 Igor Paixao
33%
LaLiga 37 17 4 Julian Alvarez
33%
Bundesliga 34 12 18 Michael Olise
33%
Serie A 32 19 3 Moise Kean
33%
Serie A 36 14 10 Romelu Lukaku
33%
Premier League 35 19 5 Yoane Wissa
33%
Ligue 1 30 15 2 Alexandre Lacazette
17%
LaLiga 38 8 7 Antoine Griezmann
17%
Liga Portugal 34 19 7 Vangelis Pavlidis
17%
No matching quizzes found
Score Distribution
Percent of People with Each Score
Percentile by Number Answered
Your Score History
You have not taken this quiz